000
00233nam a22000857a 4500
008
160704b xxu||||| |||| 00| 0 eng d
100
_9
2066
_a
Devi, M
245
_a
Etoa Munda Won the Battle
260
_a
New Delhi
_b
National Book Trust
_c
1989
999
_c
1763
_d
1763